| 000 | 00660nam a22002177a 4500 | ||
|---|---|---|---|
| 999 |
_c22577 _d22577 |
||
| 003 | AR-CdUCM | ||
| 008 | 190513b ||||| |||| 00| 0 spa d | ||
| 040 |
_aMUNICIPALIDAD PROVINCIAL DEL CUSCO _cBIBLIOTECA MUNICIPAL DEL CUSCO |
||
| 041 | _hspa | ||
| 082 |
_aES/869.56/H557S3 _bH557S3 |
||
| 100 |
_aHernández, Arturo Demetrio _910590 |
||
| 245 |
_aSelva trágica : _bnovela / _cArturo D. Hernández |
||
| 260 |
_aLima : _bTrazos : _c2015. |
||
| 300 |
_a198páginas ; _c21 cm. |
||
| 650 |
_aNovelas peruanas _9545 |
||
| 650 |
_aNovelas de costumbres _9168 |
||
| 650 |
_aAmazonía _93433 |
||
| 650 |
_aSiglo XX _948556 |
||
| 942 |
_2ddc _cLIBROS |
||
| 945 | _arac | ||